000 00602nam a2200217Ia 4500
003 OSt
005 20220927112843.0
006 a|||||r|||| 00| 0
007 ta
008 220926b |||||||| |||| 00| 0 eng d
024 _a151166
037 _cReports
040 _aRTL
_cRTL
_beng
041 _2eng
_aeng
082 _a"XM5:(Z2).N77t, L8/GD"
245 0 _aReport of the High Powered expert committee on companies and MRTP acts
260 _aNew
_bDelhi Govt of India
_c1978
300 _a368 p
_ccm.
942 _h"XM5:(Z2).N77t, L8/GD"
_cCC
999 _c700789
_d700789